| 000 | 00498 a2200193 4500 | ||
|---|---|---|---|
| 005 | 20260110101729.0 | ||
| 008 | 260109b |||||||| |||| 00| 0 eng d | ||
| 020 |
_a9781914187100 _c£ 135.00 |
||
| 040 | _aMAIN | ||
| 082 |
_a572 _bC812B |
||
| 100 | _aCorey, Harold | ||
| 245 | _aBiochemistry and molecular biology | ||
| 260 |
_bRandom Publishing _c2022 _aMiddlesex |
||
| 300 | _aviii, 256 | ||
| 650 | _aBiochemistry | ||
| 650 | _aMolecular Biology | ||
| 650 | _aLife Science | ||
| 942 | _cBK | ||
| 999 |
_c394095 _d394095 |
||